| 000 | 00519nam a2200193Ia 4500 | ||
|---|---|---|---|
| 005 | 20240913130055.0 | ||
| 008 | 240913s9999||||xx |||||||||||||| ||und|| | ||
| 041 | _aENGLISH | ||
| 082 | _A616.07561 Q7 | ||
| 100 | _aRamadas Nayak | ||
| 245 | 0 | _aEssentials in Hematology and Clinical Pathology | |
| 250 | _a2nd | ||
| 260 |
_c2017 _bJaypee Brothers Medical Publishers (P |
||
| 500 | _aREFERENCE | ||
| 650 |
_aClinical Pathology _bAllied Health Science |
||
| 700 | _a Sharada Rai | ||
| 942 | _cREF | ||
| 999 |
_c246909 _d246909 |
||